000 00723nam a2200229Ia 4500
001 5061
003 GE_BSU
008 181216s||||||||xx |||||||||||||| ||und||
040 _cGE_BSU
080 _a624(075.8)
100 _aМаилян,Р.Л. Клечановский,А.А. Свистунов,А.М. и др.
245 _aСтроительные конструкции.
245 _bУчебник.
245 _cПод общ. ред. Р.А.Маильяна.
260 _aМ.
260 _bСтройиздат.
260 _c1967.
300 _a504 стр. 27 см. Библиогр. стр. 498-499.
300 _eЧертеж.
653 _aСтроительные конструкции.
942 _cBK
999 _c38744
_d38744